[Event "CZE-chT2F 1617"]
[Site "Czech Republic"]
[Date "2017.04.02"]
[Round "11.4"]
[White "Kostka, Vit"]
[Black "Mesiarik, Rudolf"]
[Result "1/2-1/2"]
[WhiteElo "2112"]
[BlackElo "2103"]
[PlyCount "28"]
[EventDate "2016.10.09"]
[EventType "team-tourn"]
[EventRounds "11"]
[EventCountry "CZE"]
[SourceTitle "EXT 2022"]
[Source "ChessBase"]
[SourceDate "2021.10.06"]
[SourceVersion "1"]
[SourceVersionDate "2021.10.06"]
[SourceQuality "1"]
[WhiteTeam "Orlova Slavia"]
[BlackTeam "Havirov Slovan"]
[WhiteTeamCountry "CZE"]
[BlackTeamCountry "CZE"]

1. e4 Nf6 2. e5 Nd5 3. Nf3 d6 4. d4 Bg4 5. Bc4 c6 6. exd6 Qxd6 7. 0-0 e6 8. Nc3 Nb6 9. Be2 Be7 10. Ne4 Qc7 11. Ne5 Bxe2 12. Qxe2 0-0 13. f4 N8d7 14. Rf3 Nd5 1/2-1/2

[Event "CZE-chT2F 1617"]
[Site "Czech Republic"]
[Date "2017.03.19"]
[Round "10.4"]
[White "Mesiarik, Rudolf"]
[Black "Chlevistan, Jakub"]
[Result "0-1"]
[WhiteElo "2103"]
[BlackElo "2132"]
[PlyCount "74"]
[EventDate "2016.10.09"]
[EventType "team-tourn"]
[EventRounds "11"]
[EventCountry "CZE"]
[SourceTitle "EXT 2022"]
[Source "ChessBase"]
[SourceDate "2021.10.06"]
[SourceVersion "1"]
[SourceVersionDate "2021.10.06"]
[SourceQuality "1"]
[WhiteTeam "Havirov Slovan"]
[BlackTeam "Poruba Slavoj II"]
[WhiteTeamCountry "CZE"]
[BlackTeamCountry "CZE"]

1. Nf3 c5 2. c4 Nf6 3. g3 b6 4. Bg2 Bb7 5. Nc3 e6 6. 0-0 Be7 7. Re1 0-0 8. e4 d6 9. b3 Nbd7 10. Bb2 Qc7 11. Rc1 Rac8 12. h3 Qb8 13. d3 Rfd8 14. Qc2 Bf8 15. Qb1 a6 16. a4 Qa8 17. Rcd1 d5 18. Nh4 d4 19. Ne2 g5 20. Nf3 Nxe4 21. dxe4 Bxe4 22. Qc1 Bxf3 23. Qxg5+ Bg7 24. Bxf3 Qxf3 25. Nf4 h6 26. Qh5 Qxb3 27. Bc1 Qxc4 28. Nd3 Qd5 29. Qh4 Nf8 30. Qg4 h5 31. Qe2 Ng6 32. h4 c4 33. Nb4 d3 34. Qa2 Qb7 35. Qb1 Ne5 36. Re3 Nf3+ 37. Kf1 Nd2+ 0-1

[Event "CZE-chT2F 1617"]
[Site "Czech Republic"]
[Date "2017.01.29"]
[Round "7.5"]
[White "Navratil, Jiri2"]
[Black "Mesiarik, Rudolf"]
[Result "1-0"]
[WhiteElo "2065"]
[BlackElo "2103"]
[PlyCount "73"]
[EventDate "2016.10.09"]
[EventType "team-tourn"]
[EventRounds "11"]
[EventCountry "CZE"]
[SourceTitle "EXT 2022"]
[Source "ChessBase"]
[SourceDate "2021.10.06"]
[SourceVersion "1"]
[SourceVersionDate "2021.10.06"]
[SourceQuality "1"]
[WhiteTeam "Unicov"]
[BlackTeam "Havirov Slovan"]
[WhiteTeamCountry "CZE"]
[BlackTeamCountry "CZE"]

1. e4 c5 2. Nf3 Nc6 3. d4 cxd4 4. Nxd4 e5 5. Nb5 a6 6. Nd6+ Bxd6 7. Qxd6 Qe7 8. Qd1 Nf6 9. Nc3 h6 10. Be3 d6 11. f3 Be6 12. Qd2 Rd8 13. Bb6 Rd7 14. Nd5 Bxd5 15. exd5 Nb8 16. 0-0-0 0-0 17. g4 Qe8 18. h4 Nh7 19. Bd3 Re7 20. Rdg1 Nd7 21. Bc7 Nc5 22. Bxd6 Nxd3+ 23. Qxd3 Rd7 24. Bxf8 Nxf8 25. Qe4 Qd8 26. Rd1 Ng6 27. h5 Qg5+ 28. Kb1 Ne7 29. Rhe1 Qf6 30. Qxe5 Qxf3 31. d6 Kh7 32. Rd3 Nc6 33. Rxf3 Nxe5 34. Rxe5 Rxd6 35. b3 Rd4 36. Rxf7 Rxg4 37. Rxb7 1-0

[Event "SVK-ch Seniors-B"]
[Site "Tatranske Matliare"]
[Date "2016.06.07"]
[Round "4"]
[White "Mesiarik, Rudolf"]
[Black "Hecht, Tomas"]
[Result "1/2-1/2"]
[WhiteElo "2069"]
[BlackElo "2006"]
[PlyCount "89"]
[EventDate "2016.06.05"]
[EventType "swiss"]
[EventRounds "9"]
[EventCountry "SVK"]
[SourceTitle "EXT 2023"]
[Source "ChessBase"]
[SourceDate "2022.10.05"]
[SourceVersion "1"]
[SourceVersionDate "2022.10.05"]
[SourceQuality "1"]

1. Nf3 d5 2. c4 c6 3. d4 Nf6 4. Nc3 e6 5. e3 Be7 6. Bd3 0-0 7. 0-0 Nbd7 8. e4 dxe4 9. Nxe4 Nxe4 10. Bxe4 Nf6 11. Bc2 c5 12. Bg5 b6 13. dxc5 bxc5 14. Qe2 Bb7 15. Ne5 Qc7 16. Bf4 Bd6 17. Rad1 g6 18. Rfe1 Nh5 19. Bg3 Nxg3 20. hxg3 Rfd8 21. Ng4 Bf8 22. Nf6+ Kh8 23. Be4 Bg7 24. Bxb7 Qxb7 25. Ne4 Qxb2 26. Qxb2 Bxb2 27. Nxc5 Bc3 28. Rxd8+ Rxd8 29. Rc1 Bb4 30. Nb3 e5 31. c5 Kg7 32. Rc4 a5 33. a3 a4 34. Rxb4 axb3 35. Rxb3 Rc8 36. Rb5 Kf6 37. a4 Ke6 38. a5 Ra8 39. f3 f5 40. c6 Kd6 41. Rb7 Kxc6 42. Rxh7 Kd5 43. Rg7 Ra6 44. Kf2 e4 45. fxe4+ 1/2-1/2

[Event "CZE-chT2F 1516"]
[Site "Czech Republic"]
[Date "2016.04.03"]
[Round "10.24"]
[White "Mesiarik, Rudolf"]
[Black "Zalesky, Karel"]
[Result "1-0"]
[WhiteElo "2045"]
[BlackElo "2073"]
[PlyCount "85"]
[EventDate "2015.10.18"]
[EventType "team-tourn"]
[EventRounds "11"]
[EventCountry "CZE"]
[SourceTitle "EXT 2022"]
[Source "ChessBase"]
[SourceDate "2021.10.06"]
[SourceVersion "1"]
[SourceVersionDate "2021.10.06"]
[SourceQuality "1"]
[WhiteTeam "Havirov Slovan"]
[BlackTeam "Benesov Dolni"]
[WhiteTeamCountry "CZE"]
[BlackTeamCountry "CZE"]

1. Nf3 Nf6 2. c4 d6 3. d4 g6 4. g3 Bg7 5. Bg2 c6 6. 0-0 0-0 7. Nc3 Nbd7 8. Qc2 e5 9. Rd1 Qc7 10. h3 Re8 11. Be3 Nh5 12. Qd2 f5 13. d5 c5 14. Ng5 Ndf6 15. Ne6 Qb8 16. Nb5 Re7 17. Nxg7 Rxg7 18. b4 a6 19. Nxd6 Qxd6 20. bxc5 Qb8 21. Rab1 f4 22. gxf4 Nxf4 23. Bxf4 exf4 24. d6 Bf5 25. Rb3 Qc8 26. Qd4 Rf7 27. Rd2 Rb8 28. Rdb2 g5 29. c6 b5 30. c7 Rb7 31. c5 Kg7 32. c6 Rbxc7 33. dxc7 Rxc7 34. a4 f3 35. Bxf3 Bxh3 36. axb5 axb5 37. Rxb5 Kg6 38. Rb8 Qe6 39. R8b7 Rc8 40. c7 Qe7 41. R2b6 g4 42. Rxf6+ Qxf6 43. Rb6 1-0

[Event "CZE-chT2F 1516"]
[Site "Czech Republic"]
[Date "2016.01.10"]
[Round "5.54"]
[White "Mesiarik, Rudolf"]
[Black "Sojka, Ales"]
[Result "1/2-1/2"]
[WhiteElo "2045"]
[BlackElo "2142"]
[PlyCount "112"]
[EventDate "2015.10.18"]
[EventType "team-tourn"]
[EventRounds "11"]
[EventCountry "CZE"]
[SourceTitle "EXT 2022"]
[Source "ChessBase"]
[SourceDate "2021.10.06"]
[SourceVersion "1"]
[SourceVersionDate "2021.10.06"]
[SourceQuality "1"]
[WhiteTeam "Havirov Slovan"]
[BlackTeam "Kromeriz Slavia II"]
[WhiteTeamCountry "CZE"]
[BlackTeamCountry "CZE"]

1. Nf3 d6 2. d4 Nc6 3. d5 Ne5 4. Nbd2 Nf6 5. e4 e6 6. Nxe5 dxe5 7. Bb5+ Bd7 8. Bxd7+ Qxd7 9. dxe6 Qxe6 10. Qe2 Qc6 11. Qc4 Bc5 12. a4 0-0-0 13. Qe2 Rd4 14. 0-0 Rhd8 15. c3 Rxa4 16. Rxa4 Qxa4 17. b4 Bf8 18. Nc4 Nd7 19. Bb2 Nb6 20. Nxe5 Qb3 21. g3 f6 22. Nf3 Qc4 23. Qc2 Qd3 24. Qxd3 Rxd3 25. Kg2 Na4 26. Ba1 Nb6 27. Nd4 Kd7 28. Re1 Nc4 29. Re2 a6 30. h4 c5 31. bxc5 Bxc5 32. h5 Rd1 33. Ra2 Nd2 34. f3 Bxd4 35. cxd4 Nb3 36. Rb2 Rd3 37. Rb1 b5 38. e5 fxe5 39. dxe5 Ke6 40. f4 a5 41. Kh3 Nxa1 42. Rxb5 a4 43. Rb6+ Ke7 44. h6 g6 45. Ra6 Nb3 46. Rxa4 Rd7 47. Kg4 Nd4 48. Ra3 Ne6 49. Kf3 Rb7 50. g4 Rb3+ 51. Rxb3 Nd4+ 52. Ke4 Nxb3 53. f5 gxf5+ 54. gxf5 Nc5+ 55. Kd5 Nd7 56. f6+ Nxf6+ 1/2-1/2

[Event "SVK-ch Seniors"]
[Site "Tatranske Matliare"]
[Date "2015.06.04"]
[Round "7"]
[White "Hennel, Karol"]
[Black "Mesiarik, Rudolf"]
[Result "1-0"]
[WhiteElo "2005"]
[BlackElo "2065"]
[PlyCount "141"]
[EventDate "2015.05.30"]
[EventType "swiss"]
[EventRounds "9"]
[EventCountry "SVK"]
[SourceTitle "EXT 2017"]
[Source "ChessBase"]
[SourceDate "2016.10.25"]
[SourceVersion "1"]
[SourceVersionDate "2016.10.25"]
[SourceQuality "1"]

1. e4 c5 2. c3 Qa5 3. Nf3 Nc6 4. d4 cxd4 5. Nxd4 a6 6. Nxc6 bxc6 7. Bd3 d6 8. 0-0 e5 9. Be3 Nf6 10. Nd2 Rb8 11. b4 Qc7 12. h3 Be7 13. f4 0-0 14. Nb3 exf4 15. Bxf4 Nd7 16. Qh5 Ne5 17. Bxe5 dxe5 18. Bc4 g6 19. Qh6 Be6 20. Bxe6 fxe6 21. Rxf8+ Rxf8 22. Qe3 c5 23. Nxc5 Bxc5 24. Qxc5 Qxc5+ 25. bxc5 Rc8 26. Rd1 Rxc5 27. Rd6 Ra5 28. Rxe6 Kf7 29. Rc6 Rxa2 30. Rc7+ Kf6 31. Rxh7 Rc2 32. Ra7 Ra2 33. Kh2 Ra3 34. h4 Ra4 35. Kg3 Rxe4 36. Rxa6+ Kf5 37. Rc6 Re1 38. Kf3 e4+ 39. Kf2 Rc1 40. Ke3 Re1+ 41. Kf2 Rh1 42. g3 Rh2+ 43. Ke3 Rg2 44. Rc5+ Kf6 45. Rg5 Rc2 46. Rc5 Rg2 47. Rg5 Rc2 48. Rc5 Rg2 49. Kxe4 Rxg3 50. Rc6+ Kg7 51. Kf4 Rg1 52. Rc8 Rh1 53. Kg3 Rg1+ 54. Kh2 Rg4 55. Kh3 Re4 56. c4 Rd4 57. c5 Rd3+ 58. Kg4 Rd4+ 59. Kg5 Rd5+ 60. Kf4 Rd4+ 61. Ke5 Rxh4 62. c6 Rc4 63. Kd5 Rc1 64. Re8 Rd1+ 65. Ke6 Re1+ 66. Kd7 Rd1+ 67. Kc8 Rc1 68. c7 g5 69. Re5 Kf6 70. Rd5 g4 71. Kd7 1-0

[Event "SVK-ch Seniors"]
[Site "Tatranske Matliare"]
[Date "2015.05.30"]
[Round "1"]
[White "Malinovsky, Jozef"]
[Black "Mesiarik, Rudolf"]
[Result "1/2-1/2"]
[WhiteElo "1811"]
[BlackElo "2065"]
[PlyCount "177"]
[EventDate "2015.05.30"]
[EventType "swiss"]
[EventRounds "9"]
[EventCountry "SVK"]
[SourceTitle "EXT 2017"]
[Source "ChessBase"]
[SourceDate "2016.10.25"]
[SourceVersion "1"]
[SourceVersionDate "2016.10.25"]
[SourceQuality "1"]

1. d4 Nf6 2. Nf3 c5 3. c3 e6 4. Bg5 Qb6 5. Qb3 Qxb3 6. axb3 Ne4 7. Be3 Nc6 8. dxc5 Bxc5 9. Bxc5 Nxc5 10. Nbd2 d5 11. b4 Nd7 12. e3 Ke7 13. Be2 b6 14. 0-0 Bb7 15. Ba6 Rhb8 16. b5 Nd8 17. Nd4 Nc5 18. Bxb7 Rxb7 19. b4 Nd7 20. Ra3 Rc7 21. Rfa1 g6 22. e4 e5 23. Nc6+ Nxc6 24. bxc6 Nf6 25. exd5 Nxd5 26. b5 Ke6 27. g3 f5 28. f3 Rd8 29. Nf1 Ra8 30. c4 Ne7 31. Rd3 a5 32. Rad1 a4 33. Rd6+ Kf7 34. Rd8 Raa7 35. R8d7 a3 36. Ra1 Rxd7 37. cxd7 Rxd7 38. Rxa3 Rc7 39. Nd2 Rd7 40. Ra2 Ke6 41. Kf2 Nc8 42. Ke2 Ra7 43. Rb2 Kd6 44. Nb3 Ra4 45. Rd2+ Kc7 46. c5 Rb4 47. cxb6+ Kxb6 48. Nc1 Rxb5 49. Kf2 Kc7 50. Ne2 Rc5 51. Ra2 h5 52. h4 Kd7 53. Ra6 Rc6 54. Ra4 Ke7 55. Ra2 Kf6 56. Rb2 Nd6 57. Ra2 Nf7 58. Ra5 Rb6 59. Ra4 g5 60. hxg5+ Nxg5 61. Ra2 Rc6 62. Rb2 Ne6 63. Ng1 Nd4 64. Rb8 Rc2+ 65. Kf1 Rh2 66. Rb6+ Ke7 67. Ra6 Ne6 68. Ra7+ Kd6 69. Ra6+ Kd5 70. Ra5+ Nc5 71. Ne2 Kc4 72. Ra8 Nd3 73. Rc8+ Kb4 74. Nc3 Rf2+ 75. Kg1 Rxf3 76. Nd5+ Ka5 77. Kg2 e4 78. Rh8 Ne1+ 79. Kh2 Rd3 80. Nf4 Rd2+ 81. Kh3 Nf3 82. Ng2 Rd1 83. g4 hxg4+ 84. Kg3 Ne5 85. Rh5 Rf1 86. Nh4 e3 87. Rxf5 Rxf5 88. Nxf5 e2 89. Kf2 1/2-1/2

[Event "CZE-chT1E 1415"]
[Site "Czech Republic"]
[Date "2014.12.07"]
[Round "4.5"]
[White "Obsivac, Josef"]
[Black "Mesiarik, Rudolf"]
[Result "1-0"]
[WhiteElo "2281"]
[BlackElo "2141"]
[PlyCount "97"]
[EventDate "2014.10.19"]
[EventType "team-tourn"]
[EventRounds "11"]
[EventCountry "CZE"]
[SourceTitle "CBM 163 Extra"]
[Source "ChessBase"]
[SourceDate "2014.12.23"]
[SourceVersion "1"]
[SourceVersionDate "2014.12.23"]
[SourceQuality "1"]
[WhiteTeam "Grygov"]
[BlackTeam "Rychnov nad Kneznou"]
[WhiteTeamCountry "CZE"]
[BlackTeamCountry "CZE"]

1. d4 Nf6 2. c4 c5 3. d5 e6 4. Nc3 exd5 5. cxd5 d6 6. Nf3 g6 7. g3 Bg7 8. Bg2 0-0 9. 0-0 a6 10. a4 Re8 11. Bf4 Nh5 12. Bg5 Qc7 13. Qd2 Nd7 14. g4 Nhf6 15. Qf4 Rb8 16. Rfc1 h5 17. h3 hxg4 18. hxg4 Nh7 19. Bh6 Bh8 20. Ne4 Ne5 21. Nh2 b5 22. axb5 Rxb5 23. Rc2 Rb6 24. Ra3 Qe7 25. Qg3 Rb4 26. Bd2 Rc4 27. Bc3 Ng5 28. Nd2 Rxc3 29. bxc3 Nd7 30. Nc4 Ne4 31. Qf4 Ne5 32. Qxe4 Nxc4 33. Qxc4 Bd7 34. Rxa6 Qd8 35. Rxd6 Qc7 36. Rxd7 Qxd7 37. Qxc5 Be5 38. Qc6 Qe7 39. Nf3 Bd6 40. Ra2 Kg7 41. Qc4 Rb8 42. Qd4+ Kg8 43. Qd3 Bc5 44. e3 Rb3 45. Ra4 Qd6 46. g5 Qb8 47. Nd2 Rb2 48. d6 Bxd6 49. Ra8 1-0

[Event "CZE-chT2D 1314"]
[Site "Czech Republic"]
[Date "2014.03.23"]
[Round "10.5"]
[White "Ptacek, Lubos"]
[Black "Mesiarik, Rudolf"]
[Result "0-1"]
[WhiteElo "2092"]
[BlackElo "2157"]
[PlyCount "112"]
[EventDate "2013.11.03"]
[EventType "team-tourn"]
[EventRounds "11"]
[EventCountry "CZE"]
[SourceTitle "EXT 2016"]
[Source "ChessBase"]
[SourceDate "2015.10.08"]
[SourceVersion "1"]
[SourceVersionDate "2015.10.08"]
[SourceQuality "1"]
[WhiteTeam "Vysoke Myto"]
[BlackTeam "Rychnov nad Kneznou"]
[WhiteTeamCountry "CZE"]
[BlackTeamCountry "CZE"]

1. e4 c5 2. Nf3 Nc6 3. Nc3 e6 4. Be2 Nf6 5. 0-0 d6 6. d4 cxd4 7. Nxd4 Be7 8. Be3 0-0 9. f4 e5 10. Nb3 exf4 11. Bxf4 Ne5 12. Qd2 Be6 13. Rad1 a6 14. Qe3 Qc7 15. Qg3 b5 16. a3 Bc4 17. Nd4 Bxe2 18. Ndxe2 a5 19. Nd4 b4 20. Nf5 Nh5 21. Nd5 Qa7+ 22. Be3 Nxg3 23. Bxa7 Bg5 24. hxg3 Rxa7 25. axb4 axb4 26. Nxb4 g6 27. Nxd6 Be3+ 28. Kh1 Bc5 29. Nd5 Kg7 30. Nb5 Rb7 31. Ndc3 Ng4 32. Rd2 Re8 33. Rd5 Ne3 34. Rxc5 Nxf1 35. Nd6 Reb8 36. Nxb7 Rxb7 37. b3 h5 38. Kg1 Nxg3 39. Kf2 h4 40. Kf3 Rb4 41. Re5 Rb7 42. Ne2 Nh5 43. Nd4 Nf6 44. Ra5 Rd7 45. c3 Rc7 46. c4 Rd7 47. Rd5 Nxd5 48. exd5 f5 49. Kf4 Kf6 50. Ne6 Rb7 51. Nc5 g5+ 52. Ke3 Ra7 53. b4 Ra2 54. b5 Rxg2 55. b6 h3 56. Kf3 g4+ 0-1

[Event "CZE-chT2D 1314"]
[Site "Czech Republic"]
[Date "2013.12.01"]
[Round "3.5"]
[White "Machan, Jan"]
[Black "Mesiarik, Rudolf"]
[Result "1/2-1/2"]
[WhiteElo "2144"]
[BlackElo "2157"]
[PlyCount "176"]
[EventDate "2013.11.03"]
[EventType "team-tourn"]
[EventRounds "11"]
[EventCountry "CZE"]
[SourceTitle "EXT 2016"]
[Source "ChessBase"]
[SourceDate "2015.10.08"]
[SourceVersion "1"]
[SourceVersionDate "2015.10.08"]
[SourceQuality "1"]
[WhiteTeam "Polabiny III"]
[BlackTeam "Rychnov nad Kneznou"]
[WhiteTeamCountry "CZE"]
[BlackTeamCountry "CZE"]

1. Nf3 c5 2. g3 d5 3. Bg2 Nc6 4. d4 Nf6 5. 0-0 cxd4 6. Nxd4 e5 7. Nxc6 bxc6 8. c4 Be6 9. Nc3 Qd7 10. Qa4 Rc8 11. cxd5 cxd5 12. Qxd7+ Kxd7 13. Rd1 Rc5 14. Bg5 Be7 15. Bxf6 Bxf6 16. Bxd5 Bxd5 17. Rxd5+ Rxd5 18. Nxd5 Bd8 19. Rc1 f5 20. e4 fxe4 21. Rc4 Ke6 22. Nc3 Bb6 23. Rxe4 Bd4 24. Re2 Rc8 25. Ne4 h6 26. Kg2 Kd5 27. f3 Rc1 28. h4 Ra1 29. b3 Rc1 30. Kh3 h5 31. Nf2 Rc3 32. Kg2 Rc1 33. Rd2 Ke6 34. f4 Bxf2 35. Kxf2 exf4 36. gxf4 Rc3 37. Kg2 Kf5 38. Rd7 Kxf4 39. Rxa7 Rc2+ 40. Kg1 g6 41. Ra6 Rb2 42. Kf1 Kf5 43. Ra4 Kf6 44. Ke1 g5 45. Ra6+ Kg7 46. hxg5 h4 47. Kf1 h3 48. Kg1 Rg2+ 49. Kh1 Rxg5 50. Kh2 Rh5 51. Rc6 Kf7 52. Rc3 Ke7 53. Rxh3 Ra5 54. a4 Kd6 55. Kg2 Re5 56. Rc3 Rf5 57. Rc8 Kd7 58. Rb8 Kc7 59. Rb4 Kc8 60. Kg3 Kc7 61. Rf4 Rd5 62. b4 Rd3+ 63. Kg4 Ra3 64. b5 Kb6 65. Rc4 Ra1 66. Kf4 Rh1 67. Ke4 Rh4+ 68. Kd5 Rh5+ 69. Kd4 Ka5 70. Ke4 Rg5 71. Kd4 Rh5 72. Kd3 Rh3+ 73. Ke4 Rh5 74. Kd4 Rg5 75. Kc3 Rg3+ 76. Kc2 Rh3 77. Kb2 Rg3 78. Re4 Rh3 79. Rf4 Rg3 80. Re4 Rh3 81. Rf4 Rg3 82. Rd4 Rh3 83. Kc2 Rg3 84. Rd8 Kxa4 85. b6 Rg7 86. Ra8+ Kb5 87. Ra7 Rg2+ 88. Kd3 Kxb6 1/2-1/2

[Event "CZE-chT2D 1213"]
[Site "Czech Republic"]
[Date "2013.01.20"]
[Round "7.5"]
[White "Mesiarik, Rudolf"]
[Black "Kastner, Oldrich"]
[Result "1/2-1/2"]
[WhiteElo "2183"]
[BlackElo "2092"]
[PlyCount "52"]
[EventDate "2012.10.14"]
[EventType "team-tourn"]
[EventRounds "11"]
[EventCountry "CZE"]
[SourceTitle "EXT 2016"]
[Source "ChessBase"]
[SourceDate "2015.10.08"]
[SourceVersion "1"]
[SourceVersionDate "2015.10.08"]
[SourceQuality "1"]
[WhiteTeam "Rychnov nad Kneznou"]
[BlackTeam "Pardubice Rapid II"]
[WhiteTeamCountry "CZE"]
[BlackTeamCountry "CZE"]

1. Nf3 d5 2. c4 c6 3. d4 Nf6 4. Nc3 e6 5. e3 Be7 6. Bd3 dxc4 7. Bxc4 b5 8. Bd3 Bb7 9. 0-0 a6 10. e4 b4 11. e5 bxc3 12. exf6 Bxf6 13. bxc3 Nd7 14. Rb1 Qc7 15. Ba3 c5 16. dxc5 Bc6 17. Nd4 0-0 18. Qc2 Bxd4 19. cxd4 Nf6 20. Rb6 h6 21. Qe2 Rfd8 22. Bb2 Qd7 23. f3 Nd5 24. Rxc6 Qxc6 25. Qe4 f5 26. Qe5 Re8 1/2-1/2

[Event "Rychnov Seniors op"]
[Site "Rychnov nad Kneznou"]
[Date "2012.08.23"]
[Round "4"]
[White "Mesiarik, Rudolf"]
[Black "Tejkal, Jiri"]
[Result "1-0"]
[WhiteElo "2180"]
[BlackElo "1929"]
[PlyCount "113"]
[EventDate "2012.08.20"]
[EventType "swiss"]
[EventRounds "9"]
[EventCountry "CZE"]
[SourceTitle "CBM 150 Extra"]
[Source "ChessBase"]
[SourceDate "2012.10.19"]
[SourceVersion "1"]
[SourceVersionDate "2012.10.19"]
[SourceQuality "1"]

1. Nf3 d5 2. c4 c6 3. d4 Nf6 4. Nc3 a6 5. e3 e6 6. Qc2 Nbd7 7. Bd3 Be7 8. 0-0 0-0 9. Rd1 Re8 10. e4 dxe4 11. Nxe4 Nxe4 12. Bxe4 Nf6 13. Bd3 Qc7 14. g3 b6 15. Bf4 Qa7 16. Be5 h6 17. Qe2 Bb7 18. Rac1 c5 19. dxc5 bxc5 20. Bxf6 Bxf6 21. Be4 Rad8 22. Bxb7 Qxb7 23. b3 Qc7 24. Rxd8 Rxd8 25. Rd1 Rxd1+ 26. Qxd1 Qa5 27. Qd2 Bc3 28. Qd3 Bf6 29. a4 Qc7 30. Kf1 g6 31. h4 h5 32. Nd2 Bd4 33. b4 Bf6 34. b5 Qa5 35. Ne4 Bd4 36. Qb3 Qb6 37. Nd2 a5 38. Qf3 Qd8 39. Ne4 Kg7 40. Ng5 Bf6 41. Ne4 Bd4 42. Ke2 Qd7 43. Nd2 e5 44. Nb3 Qd8 45. Qc6 g5 46. hxg5 Qxg5 47. b6 Qf5 48. Nxd4 cxd4 49. Qd5 Qc2+ 50. Kf1 d3 51. Qxe5+ Kg6 52. Qe4+ Kg7 53. b7 Qc1+ 54. Kg2 d2 55. b8Q d1Q 56. Qbe5+ Kg8 57. Qe8+ 1-0

[Event "Rychnov Seniors op"]
[Site "Rychnov nad Kneznou"]
[Date "2012.08.20"]
[Round "1"]
[White "Mesiarik, Rudolf"]
[Black "Svatos, Zdenek"]
[Result "1-0"]
[WhiteElo "2180"]
[BlackElo "1788"]
[PlyCount "59"]
[EventDate "2012.08.20"]
[EventType "swiss"]
[EventRounds "9"]
[EventCountry "CZE"]
[SourceTitle "CBM 150 Extra"]
[Source "ChessBase"]
[SourceDate "2012.10.19"]
[SourceVersion "1"]
[SourceVersionDate "2012.10.19"]
[SourceQuality "1"]

1. Nf3 Nf6 2. c4 d6 3. d4 g6 4. Nc3 Bg7 5. g3 0-0 6. Bg2 c5 7. d5 Bd7 8. 0-0 a5 9. e4 Na6 10. e5 Ne8 11. e6 fxe6 12. dxe6 Bc6 13. Nd5 Bxd5 14. cxd5 b5 15. a4 b4 16. Nd2 Nf6 17. Nc4 Nc7 18. Rb1 Nh5 19. b3 Bd4 20. Bb2 Bxb2 21. Rxb2 Ne8 22. f4 Nhg7 23. g4 Nf6 24. h3 h6 25. Qd3 Qe8 26. Rbf2 h5 27. g5 Nh7 28. Be4 Nf5 29. Ne3 Nxg5 30. fxg5 1-0

[Event "SVK-ch Seniors"]
[Site "Tatranske Matliare"]
[Date "2012.06.02"]
[Round "1"]
[White "Fiala, Ivan"]
[Black "Mesiarik, Rudolf"]
[Result "0-1"]
[WhiteElo "1831"]
[BlackElo "2189"]
[PlyCount "82"]
[EventDate "2012.06.02"]
[EventType "swiss"]
[EventRounds "9"]
[EventCountry "SVK"]
[SourceTitle "EXT 2014"]
[Source "ChessBase"]
[SourceDate "2013.11.20"]
[SourceVersion "1"]
[SourceVersionDate "2013.11.20"]
[SourceQuality "1"]

1. d4 Nf6 2. c4 c5 3. e3 e6 4. Nc3 a6 5. Nf3 Qc7 6. d5 exd5 7. Nxd5 Nxd5 8. cxd5 d6 9. b3 Be7 10. Bb2 0-0 11. Bd3 Nd7 12. Qc2 h6 13. 0-0 Bf6 14. e4 Re8 15. Rae1 Qd8 16. Nd2 b5 17. f4 Rb8 18. Bxf6 Nxf6 19. Be2 Bg4 20. Bxg4 Nxg4 21. h3 Nf6 22. Qd3 Qb6 23. Kh1 Qb7 24. Nf3 Rbc8 25. Nd2 c4 26. Qd4 c3 27. Nb1 c2 28. Nd2 Nxd5 29. Rc1 Nf6 30. Rfe1 Qc7 31. Re3 Nh5 32. g3 Qc5 33. Qxc5 Rxc5 34. Kg2 g5 35. Kf3 Kf8 36. Rd3 Re6 37. Rd5 Rc3+ 38. Kg4 Nf6+ 39. Kf5 Nxd5 40. exd5 Re2 41. Ne4 Rd3 0-1

[Event "CZE-chT1E 1011"]
[Site "Czech Republic"]
[Date "2010.10.10"]
[Round "1.5"]
[White "Vanek, Ladislav"]
[Black "Mesiarik, Rudolf"]
[Result "1-0"]
[WhiteElo "2218"]
[BlackElo "2173"]
[PlyCount "55"]
[EventDate "2010.10.10"]
[EventType "team-tourn"]
[EventRounds "11"]
[EventCountry "CZE"]
[SourceTitle "EXT 2012"]
[Source "ChessBase"]
[SourceDate "2011.11.24"]
[SourceVersion "1"]
[SourceVersionDate "2011.11.24"]
[SourceQuality "1"]
[WhiteTeam "Litovel II"]
[BlackTeam "Rychnov nad Kneznou"]
[WhiteTeamCountry "CZE"]
[BlackTeamCountry "CZE"]

1. d4 Nf6 2. c4 c5 3. d5 e6 4. Nc3 exd5 5. cxd5 d6 6. e4 g6 7. f4 Bg7 8. Nf3 0-0 9. Be2 Re8 10. Nd2 Na6 11. 0-0 Nc7 12. a4 b6 13. Re1 a6 14. Bf3 Rb8 15. Nc4 h5 16. h3 Nh7 17. e5 dxe5 18. Nxe5 Bd7 19. a5 b5 20. Ne4 Bf8 21. Be3 Qc8 22. Nxc5 Bxc5 23. Bxc5 f6 24. Nxg6 Rxe1+ 25. Qxe1 Qe8 26. Ne7+ Kg7 27. Qg3+ Kh6 28. Re1 1-0